000 00471nam a2200181Ia 4500
005 20250326130011.0
008 250326s9999 xx 000 0 und d
037 _aTextbook
040 _aFMSL
_beng
_cFMSL
041 _aeng
_2eng
084 _aX:8J N5
_qFMSL
100 _aMacbeath A
_980618
245 0 _aContimous auditing
_cMacbeath A
260 _aLondon
_bLondon, Geeta
_c1955
300 _a123p
942 _cTB
_hX:8J N5
999 _c1280513
_d1280513